Asian cinemas (Record no. 264)

MARC details
000 -LEADER
fixed length control field 00495 a2200169 4500
001 - CONTROL NUMBER
control field 066072
003 - CONTROL NUMBER IDENTIFIER
control field OSt
005 - DATE AND TIME OF LATEST TRANSACTION
control field 20210909150513.0
008 - FIXED-LENGTH DATA ELEMENTS--GENERAL INFORMATION
fixed length control field
082 ## - DEWEY DECIMAL CLASSIFICATION NUMBER
Classification number 302.2343095
Item number A42A
245 1# - TITLE STATEMENT
Title Asian cinemas
Statement of responsibility, etc edited by Dimitris Eleftheriotis
260 ## - PUBLICATION, DISTRIBUTION, ETC. (IMPRINT)
Place of publication, distribution, etc Edinburgh
Name of publisher, distributor, etc Edinburgh University Press
Date of publication, distribution, etc 2006
300 ## - PHYSICAL DESCRIPTION
Extent 473p.
690 ## - LOCAL SUBJECT ADDED ENTRY--TOPICAL TERM (OCLC, RLIN)
Topical term or geographic name as entry element Motion pictures; Asia; Motion picture producers and directors
700 ## - ADDED ENTRY--PERSONAL NAME
Relator term Eleftheriotis, Dimitris, ed.
942 ## - ADDED ENTRY ELEMENTS (KOHA)
Source of classification or shelving scheme Dewey Decimal Classification
Koha item type Books
Holdings
Withdrawn status Lost status Source of classification or shelving scheme Damaged status Not for loan Collection code Home library Current library Date acquired Source of acquisition Cost, normal purchase price Full call number Barcode Date last seen Price effective from Koha item type
    Dewey Decimal Classification     General Text Book Central University Of Rajasthan Central University Of Rajasthan 07/03/2012 ENG 1588.00 302.2343095 A42A 358 21/11/2024 02/09/2020 Books